| 000 | 01098nam a2200325 a 4500 | ||
|---|---|---|---|
| 001 | 82191 | ||
| 003 | BD-RjUL | ||
| 005 | 20231029110434.0 | ||
| 008 | 231029r20202018nyu b 001 0 eng | ||
| 020 | _a9789389949773 | ||
| 020 | _a9781259880889 (alk. paper) | ||
| 020 | _a1259880885 (alk. paper) | ||
| 035 | _a(BD-RjUL)82191 | ||
| 040 |
_aDLC _beng _cDLC _erda _dDLC _dBD-RjUL |
||
| 041 | _aeng | ||
| 082 | 0 | 0 |
_223 _a302 _bMYE 2020 |
| 100 | 1 |
_aMyers, David G., _eauthor. _99764 |
|
| 245 | 1 | 0 |
_aExploring social psychology / _cDavid G. Myers, Hope College, Jean M. Twenge, San Diego State University. |
| 250 | _aEighth edition. | ||
| 264 | 1 |
_aNew York ; _aChennai : _bMcGraw-Hill Education, _bMcGraw-Hill (India) Education : _c2018, 2020 |
|
| 300 |
_axx, 368 pages ; _c24 cm |
||
| 336 |
_atext _btxt _2rdacontent |
||
| 337 |
_aunmediated _bn _2rdamedia |
||
| 338 |
_avolume _bnc _2rdacarrier |
||
| 504 | _aIncludes bibliographical references and index. | ||
| 650 | 0 |
_aSocial psychology. _91101 |
|
| 700 | 1 |
_aTwenge, Jean M., _d1971- _eauthor. _97813 |
|
| 942 |
_2ddc _cBK |
||
| 999 |
_c82191 _d82191 |
||